| 000 | 00517nam a2200217Ia 4500 | ||
|---|---|---|---|
| 999 |
_c183 _d183 |
||
| 003 | 0100 | ||
| 008 | 130227s9999 xx 000 0 und d | ||
| 040 | _cARRUPELIB | ||
| 050 | _aGN480.M313 | ||
| 100 |
_aMarie-Andre du Sacre-Coeur _937777 |
||
| 245 | 4 |
_aThe House stands firm: _bFamily life in West Africa |
|
| 260 |
_aMilwaukee _bBruce Publishing Co. _c1962 |
||
| 300 | _axviii | ||
| 300 | _b 242p 21cm | ||
| 650 |
_aFamily _zAfrica, West _937778 |
||
| 650 |
_aWomen in West Africa _937779 |
||
| 700 |
_aZizzamia, Alba I. (tr) _937780 |
||
| 942 |
_2lcc _cMONOGRAPH |
||